|
|
|
|
| LEADER |
00000nas a2200000 a 4500 |
| 001 |
ssj0000388563 |
| 003 |
WaSeSS |
| 005 |
20200512172242.0 |
| 006 |
m d |
| 007 |
cr n |
| 008 |
000121c19989999sp fr p s 0 0spa c |
| 010 |
|
|
|a 00234345
|
| 022 |
|
|
|l 1139-9368
|y 1139-9368
|
| 035 |
|
|
|a (WaSeSS)ssj0000388563
|
| 040 |
|
|
|a HLS
|b eng
|c HLS
|d SYS
|d OCLCQ
|d OCLCF
|d OCLCO
|d CUS
|d WaSeSS
|
| 042 |
|
|
|a pcc
|
| 050 |
1 |
4 |
|a PC2009
|b .R48
|
| 245 |
0 |
0 |
|a THÉLÈME
|h [electronic resource] :
|b Revista complutense de estudios franceses /
|c Departamento de Filología Francesa, Facultad de Filología, Universidad Complutense de Madrid.
|
| 246 |
3 |
0 |
|a Revista complutense de estudios franceses
|
| 260 |
|
|
|a Madrid :
|b Editorial Complutense,
|c 1998-
|
| 310 |
|
|
|a Semiannual
|
| 362 |
0 |
|
|a No. 13 (1998)-
|
| 506 |
|
|
|a License restrictions may limit access.
|
| 546 |
|
|
|a In Spanish, occasional articles in French.
|
| 650 |
|
0 |
|a French philology
|v Periodicals.
|
| 650 |
|
0 |
|a French language
|v Periodicals.
|
| 650 |
|
0 |
|a French literature
|v Periodicals.
|
| 650 |
|
7 |
|a French language.
|2 fast
|0 (OCoLC)fst00934333
|
| 650 |
|
7 |
|a French literature.
|2 fast
|0 (OCoLC)fst00934688
|
| 650 |
|
7 |
|a French philology.
|2 fast
|0 (OCoLC)fst00934778
|
| 655 |
|
0 |
|a Electronic journals.
|
| 710 |
2 |
|
|a Universidad Complutense de Madrid.
|b Departamento de Filología Francesa.
|
| 780 |
0 |
0 |
|t Revista de filología francesa
|x 1132-1881
|w (DLC) 95030157
|w (OCoLC)31952039
|
| 850 |
|
|
|a MH
|
| 853 |
3 |
3 |
|8 1
|a no.
|i (year)
|
| 856 |
4 |
0 |
|z Full text available from PRISMA Database with HAPI Index: 01/01/2005 to 01/31/2016
|u https://search.proquest.com/publication/85355
|
| 863 |
4 |
1 |
|8 1
|a <13>
|i <1998>
|x provisional
|